Die 7 Chakren des Menschen - Statistiken

Allgemein
  • Dieses Quiz wurde 3 mal gespielt
  • Das Durchschnittsergebnis liegt bei 3 aus 7
Antwortstatistiken
Antworten % Korrekt
Herzchakra
67%
Kronenchakra
67%
Stirnchakra
67%
Wurzelchakra
67%
Sakralchakra
33%
Solarplexuschakra
33%
Halschakra
0%
Keine übereinstimmenden Quizze gefunden
Verteilung der Resultate
Anzahl Personen mit jedem Resultat
Perzentil nach korrekt beantworteten Fragen
Ihre Resultats-Entwicklung
Sie haben dieses Quiz noch nicht gespielt